[Event "ICS rated blitz match"]
[Site "204.178.125.65"]
[Date "1999.11.15"]
[Round "?"]
[White "Hossa"]
[Black "rooking"]
[Result "1-0"]
[WhiteElo "2313"]
[BlackElo "2340"]
[Annotator "Hiarcs 7.32 (22s)"]
[PlyCount "127"]
[EventDate "1999.??.??"]

1. d4 1... Nf6 {Opening = E97 - 7.0-0 Nc6(8.d5 Ne7 9.---)} 2. c4 g6 3. Nc3 Bg7
4. e4 O-O 5. Nf3 d6 6. Be2 e5 7. O-O Nc6 8. d5 Ne7 9. Bg5 Nh5 10. Nd2 $146 (10.
g3 f6 (10... h6 11. Bd2 f5 (11... Bh3 12. Re1 f5 13. Nh4 Nf6 14. exf5 g5 15.
Ng6 Nxg6 16. fxg6 Bf5 17. Be3 Qe8 18. c5 a6 19. Rc1 Qxg6 20. cxd6 cxd6 21. g4
Bd7 22. Na4 Bb5 23. Nb6 Rae8 24. Nc4 Nd7 25. a4 Bxc4 26. Rxc4 e4 27. Rc7 Ne5
28. Rxb7 h5 29. gxh5 Qf5 30. Kh1 Nd3 31. Rg1 Qxd5 32. Qb3 Nxf2+ 33. Bxf2 Qxb3
34. Rxb3 Rxf2 35. Rxg5 Rc8 36. Rg1 Kh8 37. Bxa6 Rcc2 38. Rh3 Be5 39. Rb1 Bxb2
40. a5 Bc3 41. Bb7 e3 42. a6 e2 43. Bg2 43... Rd2 {
0-1 Bern,I-Watson,W/Gausdal TM 1991/TD 91\06 (43)}) 12. Nh4 (12. exf5 Bxf5 13.
Re1 Nf6 14. Nh4 Bh3 15. Bd3 g5 16. Ng6 Nxg6 17. Bxg6 c6 18. Qb3 cxd5 19. cxd5
Ng4 20. Ne4 Nxf2 21. Nxf2 Rxf2 22. Kxf2 Qf6+ 23. Kg1 Qxg6 24. Re3 Rf8 25. Rf3
Qe4 26. Kf2 Qd4+ 27. Be3 Rxf3+ 28. Kxf3 Qg4+ 29. Kf2 Qf5+ 30. Ke2 Bg4+ 31. Kd2
b6 32. Qc4 Bf3 33. Rc1 Kh7 34. Qc8 Qf7 35. Qe6 Bxd5 36. Qxf7 Bxf7 37. Rc7 Bxa2
38. Rxa7 Bc4 39. Bxb6 d5 40. b4 Kg6 41. Bc5 d4 42. Rb7 g4 43. b5 Bf6 44. b6
Bg5+ 45. Ke1 Bb5 46. Rg7+ Kxg7 47. b7 d3 48. Bb4 {
1-0 Panzer,P-Sawatzki,F/Hamburg 1992/EXT 92op (48)}) 12... Nf6 13. exf5 g5 14.
Ng6 Nxg6 15. fxg6 Bf5 16. Be3 Bxg6 17. f3 Qe7 18. Qd2 c5 19. a3 Rae8 20. Rae1
Bf5 21. Bd1 Bh3 22. Rf2 e4 23. Ba4 Bd7 24. Bc2 exf3 25. Rxf3 Ng4 26. Rxf8+ Rxf8
27. Bxc5 Ne5 28. Rxe5 Qxe5 29. Bxa7 Bh3 30. Bf2 Bf5 31. c5 Bxc2 32. Qxc2 dxc5
33. Qd2 33... Qf5 {0-1 Lukacs,P-Chuprov,D/Zalakaros op 1996/EXP 52 (33)}) 11.
Bd2 Bh3 12. Re1 Bg4 13. b4 Kh8 14. Nh4 Bxe2 15. Qxe2 Ng8 16. Ng2 Bh6 17. f4 a5
18. bxa5 Rxa5 19. Rf1 Ra8 20. f5 Bxd2 21. Qxd2 gxf5 22. exf5 Qe7 23. g4 Ng7 24.
a4 b6 25. Rae1 Ne8 26. Nf4 Qg7 27. Ne6 Qxg4+ 28. Qg2 Qxg2+ 29. Kxg2 Rf7 30. Kf3
Nh6 31. Ke4 Ng7 32. Re3 Rg8 33. Rg3 Ne8 34. Rxg8+ Nxg8 35. Nb5 Nh6 36. a5 bxa5
37. Ra1 Ng7 38. Rxa5 Nxe6 39. dxe6 {
1-0 Bern,I-Nilssen,S/NOR-chT 1990/EXP 17 (39)}) 10... Nf4 11. Bxf4 exf4 12. Nf3
f5 13. Qd3 Kh8 14. Rae1 Ng8 15. exf5 Bxf5 16. Qd2 Qf6 17. Qxf4 Rae8 18. Qd2 Bh6
19. Qd4 Qxd4 20. Nxd4 Bd2 21. Rd1 Bxc3 22. bxc3 Bd7 23. Bf3 Nh6 24. Rfe1 Nf7
25. Rxe8 Rxe8 26. Rb1 b6 27. Kf1 Ne5 28. Be2 Ba4 29. f4 Nf7 30. Re1 Nd8 31. Bf3
Rxe1+ 32. Kxe1 Kg7 33. Bg4 Kf6 34. Bc8 Be8 35. g4 g5 36. f5 Ke5 37. Kf2 Ke4 38.
Ne6 Nf7 39. Nxc7 Ba4 40. Be6 Ne5 41. f6 Kd3 42. f7 Nxf7 43. Bxf7 Kxc4 44. Ne6
h6 45. Ng7 Kxc3 46. Nf5 Kb2 47. Nxh6 Kxa2 48. Nf5 Bd7 49. Be6 Ba4 50. Nxd6 b5
51. Ne4 b4 52. d6+ Kb2 53. d7 Bxd7 54. Bxd7 b3 55. Be6 Kc2 56. Ke2 a5 57. Nc5
b2 58. Bf5+ Kc3 59. Bb1 Kb4 60. Ne4 a4 61. Nxg5 Kb3 62. Nf3 (62. Ne4 {
und Weiss haette es noch leichter} 62... Kb4 $18) 62... a3 63. Nd2+ $1 {
ein unangenehmes Schach} 63... Kc3 64. g5 (64. g5 Kd4 65. g6 $18) 1-0

[Event "ICS rated bullet match"]
[Site "204.178.125.65"]
[Date "1999.11.15"]
[Round "?"]
[White "WhiteCastles"]
[Black "Hossa"]
[Result "1-0"]
[WhiteElo "2757"]
[BlackElo "2479"]
[PlyCount "101"]
[EventDate "1999.??.??"]

1. e4 c5 2. c3 d5 3. exd5 Qxd5 4. d4 e6 5. Nf3 Nf6 6. Be2 Nc6 7. O-O Be7 8.
dxc5 Bxc5 9. Be3 Qxd1 10. Rxd1 Bxe3 11. fxe3 O-O 12. Rd6 Ne4 13. Rd3 Nc5 14.
Rd1 Rb8 15. b4 Ne4 16. Bd3 Rd8 17. b5 Ne7 18. Na3 Nd6 19. Bc2 Rd7 20. Ne5 Rd8
21. Nec4 Nd5 22. Nxd6 Nxe3 23. Rd3 Nd5 24. Nac4 b6 25. Rad1 Rd7 26. Kf2 Rc7 27.
Bb3 Nf4 28. Re3 h5 29. Ne5 Bb7 30. Nxb7 Rbxb7 31. Rd8+ Kh7 32. Bc2+ f5 33. g3
Nd5 34. Bxf5+ Kh6 35. Nf3 g6 36. Rxe6 Ne7 37. Be4 Kg7 38. Bxb7 Rxb7 39. Ne5 Rc7
40. Re8 Nd5 41. Rxg6+ Kh7 42. Rd6 Nxc3 43. Nd7 Nxb5 44. Re7+ Kg8 45. Rg6+ Kh8
46. Nf6 Rc2+ 47. Ke3 Rc3+ 48. Kd2 Rc2+ 49. Kxc2 Nd4+ 50. Kd3 Nc6 51. Rg8# {
Hossa checkmated} 1-0

[Event "ICS rated blitz match"]
[Site "204.178.125.65"]
[Date "1999.11.15"]
[Round "?"]
[White "STRIKER2420"]
[Black "Hossa"]
[Result "1-0"]
[WhiteElo "2280"]
[BlackElo "2326"]
[PlyCount "77"]
[EventDate "1999.??.??"]

1. e4 c5 2. Nf3 e6 3. d4 cxd4 4. Nxd4 Nc6 5. Nc3 d6 6. Be2 Nxd4 7. Qxd4 Nf6 8.
O-O Be7 9. Be3 O-O 10. Rad1 b6 11. f4 d5 12. e5 Bc5 13. Qd3 Ba6 14. Qd2 Bxe2
15. Qxe2 Nd7 16. Kh1 Qh4 17. Rf3 Bxe3 18. Qxe3 Rfc8 19. Rh3 Qg4 20. Rf1 Nc5 21.
Rg3 Qf5 22. Rg5 Qxc2 23. f5 Qxb2 24. f6 g6 25. Rh5 Kf8 26. Rxh7 Ke8 27. Rxf7
Kxf7 28. Qh6 Ke8 29. Qg7 Qxg2+ 30. Kxg2 Rc7 31. Qxc7 Nd7 32. f7+ Kf8 33. Qxd7
d4 34. Qd6+ Kg7 35. f8=Q+ Rxf8 36. Qxf8+ Kh7 37. Ne4 g5 38. Rf6 a6 39. Nxg5# {
Hossa checkmated} 1-0

[Event "ICS rated standard match"]
[Site "204.178.125.65"]
[Date "1999.11.15"]
[Round "?"]
[White "Hossa"]
[Black "afaR"]
[Result "1-0"]
[WhiteElo "2283"]
[BlackElo "2166"]
[PlyCount "63"]
[EventDate "1999.??.??"]

1. e4 d5 2. exd5 Nf6 3. d4 Bg4 4. Bb5+ Nbd7 5. f3 Bf5 6. Nc3 a6 7. Ba4 b5 8.
Bb3 Nb6 9. Nge2 Nbxd5 10. g4 Bg6 11. h4 h6 12. Nxd5 Nxd5 13. Bxd5 Qxd5 14. Nf4
Qd6 15. Nxg6 Qxg6 16. Be3 e6 17. a4 b4 18. Qe2 Bd6 19. O-O-O Qf6 20. g5 hxg5
21. hxg5 Rxh1 22. gxf6 Rxd1+ 23. Kxd1 gxf6 24. Qc4 Ke7 25. Qc6 Rh8 26. Qxa6 Rh3
27. Qb7 Rh1+ 28. Ke2 Rh2+ 29. Kd3 Rh1 30. Bd2 Ra1 31. Bxb4 Rxa4 32. Qxc7+ {
afaR resigns} 1-0

[Event "ICS rated blitz match"]
[Site "204.178.125.65"]
[Date "1999.11.15"]
[Round "?"]
[White "Hossa"]
[Black "joejan"]
[Result "1-0"]
[WhiteElo "2315"]
[BlackElo "2141"]
[Annotator "Hiarcs 7.32 (22s)"]
[PlyCount "55"]
[EventDate "1999.??.??"]

1. e4 1... c5 {Opening = B96 - 7.f4 ---} 2. Nf3 d6 3. d4 cxd4 4. Nxd4 Nf6 5.
Nc3 a6 6. Bg5 e6 7. f4 h6 (7... Nc6 8. Be2 (8. Nb3 h6 9. Bh4 Be7 10. Bf2 Bd7
11. Bd3 Qc7 12. Qe2 Rc8 13. O-O e5 14. f5 Nb4 15. a3 Nxd3 16. cxd3 Bc6 17. Rac1
Qd7 18. d4 exd4 19. Nxd4 O-O 20. Nxc6 Rxc6 21. Rcd1 Re8 22. Bd4 22... Qd8 {
Stolz,M-Dinstuhl,V/BL9697 Magdeburg-Castrop Rauxel 1996/BL9697/1/2-1/2 (72)})
8... Be7 9. Qd2 h6 10. Nxc6 bxc6 11. Bh4 Rb8 12. b3 Qa5 13. O-O-O d5 14. Qd4
O-O 15. e5 Bc5 16. Qd3 d4 17. exf6 dxc3 18. Kb1 g6 19. Be1 Bb4 20. a3 Qxa3 21.
Bxc3 Bxc3 22. Qxc3 a5 23. Qe5 Qb4 24. Rd4 Qc3 25. Qd6 Bb7 26. Bf3 c5 27. Rc4
Qxf6 28. Bxb7 Rxb7 29. Qxc5 Rfb8 30. Ka2 Rb4 31. Rd1 Kg7 32. g3 R4b5 33. Qd4 e5
34. fxe5 Qxe5 35. Qxe5+ Rxe5 36. Rdd4 Rb7 37. Ka3 h5 38. Rd2 Rf5 39. Rcd4 Rbb5
40. c4 Rbe5 41. Ka4 Re1 42. Rd5 {
Garcia,G-Groszpeter,A/Novi Sad olm 1990/TD 90\06/1-0 (52)}) 8. Bxf6 Qxf6 9. g3
$146 (9. Qd2 Nc6 (9... b5 10. O-O-O Be7 11. g4 g5 12. f5 Qe5 13. Bg2 Ra7 14.
Rhf1 Bd7 15. Rde1 Bf6 16. fxe6 Qxd4 17. exd7+ Nxd7 18. Qe2 Be5 19. Rd1 Qc4 20.
Qf2 Nc5 21. Rd5 Bf4+ 22. Kb1 Re7 23. Rd4 Qe6 24. Nd5 Rd7 25. Nxf4 gxf4 26. Qxf4
Qe5 27. Qd2 Ne6 28. Rd5 Qxh2 29. e5 Ke7 30. exd6+ Rxd6 31. Qf2 Rh7 32. Rf5 Nd8
33. Rh5 {1-0 Kountz,J-Hauke,C/Kraichtal-U20 1987/GER 04 (33)}) 10. Nf3 Bd7 11.
O-O-O O-O-O 12. Kb1 Be7 13. h4 Kb8 14. Qe3 Bc8 15. g4 Bf8 16. Be2 Qe7 17. Na4
d5 18. Nb6 dxe4 19. Qxe4 Qb4 20. Qxb4 Bxb4 21. Nxc8 Kxc8 22. Bd3 Kc7 23. f5
23... exf5 {Lunkmoss,G-Mueller,G/RLNS 1989/BIG 80/1/2-1/2 (49)}) 9... Be7 10.
Bg2 O-O 11. O-O 11... Bd7 $14 (11... Nc6 12. Nxc6 $11) 12. Nf5 12... Bd8 $18 (
12... Rd8 $5 $14 {sieht spielbar aus}) 13. Nxd6 Bb6+ 14. Kh1 Bc6 15. e5 Bxg2+ (
15... Qe7 $18) 16. Kxg2 Qe7 17. Kh1 $16 (17. f5 $5 17... Qd7 18. f6 18... g6
$18) 17... Nc6 18. Nce4 Rad8 19. c3 19... f5 $2 $18 (19... Qc7 $5 $16 $142) 20.
exf6 gxf6 21. Qb3 $1 {triumphiert} 21... Bc7 (21... Ba7 22. Qxb7 Qxb7 23. Nxb7
23... Rb8 $18) 22. Nf5 Qh7 23. Qxe6+ Kh8 24. Rae1 Rd3 (24... Rde8 25. Qd5 25...
Rd8 $18) 25. Nxf6 Qg6 26. Ne8 {Droht Matt: Qxg6} 26... Qxf5 (26... Qxe6 {
bot noch bessere Widerstandsmoeglichkeiten} 27. Rxe6 Rxf5 28. Rxh6+ Kg8 29.
Nxc7 29... Rd2 $18) 27. Qxh6+ $1 {zwingend und schoen} 27... Qh7 28. Qxf8+ (28.
Qxf8+ Qg8 29. Qf6+ Kh7 30. Qh4+ Kg6 31. f5+ Kf7 32. Qf6#) 1-0

[Event "ICS rated standard match"]
[Site "204.178.125.65"]
[Date "1999.11.15"]
[Round "?"]
[White "kanorr"]
[Black "Hossa"]
[Result "0-1"]
[WhiteElo "1428"]
[BlackElo "2293"]
[PlyCount "70"]
[EventDate "1999.??.??"]

1. e4 c5 2. Bc4 e6 3. Nf3 d5 4. exd5 exd5 5. Bb5+ Bd7 6. Bxd7+ Nxd7 7. O-O Ngf6
8. d4 Be7 9. Re1 O-O 10. Nc3 cxd4 11. Nxd4 Bb4 12. Bd2 Re8 13. Qf3 Ne4 14. Qd3
Ndc5 15. Qe3 Nxd2 16. Qxd2 Ne4 17. Qd3 Bxc3 18. bxc3 Rc8 19. Ne2 Qb6 20. Qf3
Qa5 21. c4 Rxc4 22. c3 Re6 23. Qf4 Rc8 24. c4 g5 25. Qe3 Rxc4 26. Rac1 Qd2 27.
Qxa7 Rxc1 28. Rxc1 Nc3 29. Qb8+ Kg7 30. Rf1 Rxe2 31. Qg3 Re1 32. f4 Qd4+ 33.
Qf2 Ne2+ 34. Kh1 Qxf2 35. Rxe1 35... Qxe1# {kanorr checkmated} 0-1

[Event "ICS rated blitz match"]
[Site "204.178.125.65"]
[Date "1999.11.15"]
[Round "?"]
[White "Hossa"]
[Black "kyrios"]
[Result "1-0"]
[WhiteElo "2337"]
[BlackElo "2096"]
[PlyCount "33"]
[EventDate "1999.??.??"]

1. e4 e6 2. d4 d5 3. Nc3 Bb4 4. a3 Bxc3+ 5. bxc3 dxe4 6. Qg4 Nf6 7. Qxg7 Rg8 8.
Qh6 c5 9. Ne2 Nc6 10. Bg5 Rg6 11. Bxf6 Qxf6 12. Qxh7 cxd4 13. cxd4 Nxd4 14.
Nxd4 Qxd4 15. Bb5+ Bd7 16. Bxd7+ Ke7 17. Qh4+ {kyrios resigns} 1-0

[Event "ICS rated blitz match"]
[Site "204.178.125.65"]
[Date "1999.11.15"]
[Round "?"]
[White "MissSilicon"]
[Black "Hossa"]
[Result "1-0"]
[WhiteElo "2697"]
[BlackElo "2343"]
[PlyCount "139"]
[EventDate "1999.??.??"]

1. e4 c5 2. Nf3 d6 3. d4 cxd4 4. Nxd4 Nf6 5. Nc3 a6 6. Bd3 e6 7. O-O b5 8. Bg5
Bb7 9. Re1 Be7 10. a4 b4 11. Na2 Qa5 12. Bd2 d5 13. Nxb4 Bxb4 14. Nb3 Bxd2 15.
Nxa5 Bxa5 16. e5 Nfd7 17. b4 Bc7 18. f4 Bb6+ 19. Kh1 O-O 20. a5 Bf2 21. Re2 Ba7
22. c4 Rc8 23. cxd5 exd5 24. Rc2 Rc6 25. Bf5 g6 26. Bg4 Rxc2 27. Qxc2 Bc6 28.
Qb3 Bd4 29. Rd1 Bf2 30. Bxd7 Bxd7 31. Qxd5 Ra7 32. f5 Nc6 33. e6 fxe6 34. fxe6
Be8 35. e7+ Kg7 36. Qf3 Rxe7 37. Qxf2 Re4 38. Re1 Rxe1+ 39. Qxe1 Bd7 40. Qc3+
Kf7 41. Qc4+ Ke7 42. Qxa6 Nxb4 43. Qb6 Nd5 44. Qc5+ Ke6 45. a6 Ne7 46. a7 Bc6
47. Qxc6+ Nxc6 48. a8=Q Ne7 49. Qa2+ Nd5 50. Qe2+ Kd6 51. Qf3 Ke5 52. Qg3+ Ke6
53. Qh3+ Kf6 54. Qxh7 Nf4 55. Qh8+ Kf5 56. Qf8+ Ke5 57. Qg7+ Kf5 58. Qd7+ Kf6
59. Qd4+ Kf5 60. h4 Ne2 61. g4+ Ke6 62. Qc4+ Kd6 63. Qxe2 g5 64. hxg5 Kd5 65.
g6 Kd4 66. g7 Kc5 67. g8=Q Kd6 68. Qc8 Kd5 69. Qd7+ Kc5 70. Qeb5# {
Hossa checkmated} 1-0

[Event "ICS rated bullet match"]
[Site "204.178.125.65"]
[Date "1999.11.16"]
[Round "?"]
[White "Hossa"]
[Black "Chesspartner"]
[Result "0-1"]
[WhiteElo "2474"]
[BlackElo "2555"]
[PlyCount "88"]
[EventDate "1999.??.??"]

1. e4 c5 2. Nf3 d6 3. d4 cxd4 4. Nxd4 Nf6 5. Nc3 g6 6. Be3 Bg7 7. Bc4 O-O 8. f3
Nc6 9. Bb3 Na5 10. Qd2 Bd7 11. Bh6 Nxb3 12. axb3 Bxh6 13. Qxh6 Qb6 14. Rd1 Rac8
15. Nde2 Nh5 16. e5 Ng7 17. Nd5 Qd8 18. exd6 exd6 19. Ne3 Nf5 20. Nxf5 Bxf5 21.
c3 Re8 22. Rd4 Rc5 23. Kf2 Rce5 24. Ng3 Bc2 25. Rc1 Bxb3 26. Rb4 Bd5 27. f4 Qf6
28. Rd4 Bc6 29. Ra1 a6 30. Rad1 d5 31. b3 Re3 32. R4d3 d4 33. cxd4 Rxd3 34.
Rxd3 Qe6 35. d5 Bxd5 36. Rd1 Qe3+ 37. Kf1 Bxb3 38. f5 Bc4+ 39. Ne2 Bxe2+ 40.
Ke1 Qxh6 41. Rd8 Qc1+ 42. Kf2 Qe3+ 43. Ke1 Bb5+ 44. Kd1 44... Ba4# {
Hossa checkmated} 0-1

[Event "ICS rated blitz match"]
[Site "204.178.125.65"]
[Date "1999.11.16"]
[Round "?"]
[White "Hossa"]
[Black "BugChess"]
[Result "0-1"]
[WhiteElo "2339"]
[BlackElo "2444"]
[PlyCount "146"]
[EventDate "1999.??.??"]

1. e4 d6 2. d4 Nf6 3. Bd3 e5 4. Nf3 Nbd7 5. Nc3 Be7 6. O-O O-O 7. Be3 Ng4 8.
Nd5 Nxe3 9. fxe3 a5 10. c4 Re8 11. Qe2 a4 12. Qf2 Bf6 13. Nxf6+ Nxf6 14. Rae1
Bg4 15. Ng5 Qe7 16. Qh4 h6 17. Nf3 Bh5 18. Nd2 Bg6 19. Qg3 Rab8 20. Qf3 h5 21.
Bc2 Ra8 22. d5 Qd7 23. Qe2 h4 24. h3 Nh5 25. Rf2 Ng3 26. Qd1 b5 27. cxb5 Bh5
28. Qb1 Qxb5 29. Bd3 Qb6 30. Nc4 Qa7 31. Qc1 Reb8 32. Nd2 Bg6 33. Qc2 Rb7 34.
Nc4 Rab8 35. Rc1 Rb5 36. Rb1 Rc5 37. Rc1 c6 38. dxc6 Qa8 39. Qd1 Qxc6 40. Rfc2
Bxe4 41. Bxe4 Nxe4 42. Qd3 Qd5 43. Qe2 Qe6 44. Qe1 Ng3 45. e4 Qg6 46. Qf2 Rbc8
47. b3 Nxe4 48. Qe1 d5 49. Ne3 Rxc2 50. Rxc2 Rxc2 51. Nxc2 axb3 52. axb3 Ng5
53. Qc3 Nxh3+ 54. Qxh3 Qxc2 55. Qd7 Qc1+ 56. Kh2 Qf4+ 57. Kh1 d4 58. b4 g5 59.
b5 Qc1+ 60. Kh2 Qf4+ 61. Kh1 g4 62. Qd8+ Kg7 63. Qxh4 d3 64. g3 Qe4+ 65. Kg1 f6
66. Qh1 Qxh1+ 67. Kxh1 d2 68. Kg2 d1=Q 69. Kf2 Qd2+ 70. Kg1 e4 71. Kh1 e3 72.
b6 e2 73. Kh2 73... e1=Q# {Hossa checkmated} 0-1

[Event "ICS Rated standard match"]
[Site "204.178.125.65"]
[Date "1999.11.16"]
[Round "?"]
[White "Hossa"]
[Black "jongar"]
[Result "1-0"]
[WhiteElo "2293"]
[BlackElo "2034"]
[PlyCount "63"]
[EventDate "1999.??.??"]

1. e4 e5 2. Nf3 Nc6 3. Bb5 a6 4. Ba4 Nf6 5. O-O Be7 6. Re1 b5 7. Bb3 O-O 8. c3
d5 9. exd5 Nxd5 10. Nxe5 Nxe5 11. Rxe5 Nf6 12. d4 Bd6 13. Re2 Ng4 14. h3 Qh4
15. a4 Rb8 16. Nd2 Bb7 17. axb5 axb5 18. Nf1 Nf6 19. Ne3 Be4 20. Bc2 Bf3 21.
gxf3 Qxh3 22. Nf1 b4 23. Qd3 g6 24. Bg5 Nh5 25. Re4 bxc3 26. bxc3 Ng7 27. Rh4
Qe6 28. Ne3 c6 29. Ra7 Rb5 30. d5 Qc8 31. Ng4 h5 32. Nh6+ {jongar resigns} 1-0

[Event "ICS rated standard match"]
[Site "204.178.125.65"]
[Date "1999.11.16"]
[Round "?"]
[White "netpi"]
[Black "Hossa"]
[Result "1-0"]
[WhiteElo "2477"]
[BlackElo "2299"]
[PlyCount "155"]
[EventDate "1999.??.??"]

1. e4 d6 2. d4 Nf6 3. Nc3 Nbd7 4. Nf3 e5 5. Bc4 exd4 6. Qxd4 Be7 7. O-O Nb6 8.
Bb3 O-O 9. Qd3 Nbd7 10. Be3 c6 11. Rad1 b6 12. Qe2 a5 13. e5 Ba6 14. Bc4 Bxc4
15. Qxc4 dxe5 16. Qxc6 Qe8 17. Ne4 Rc8 18. Nxf6+ Nxf6 19. Qxb6 Rxc2 20. Qb3 Re2
21. Nxe5 Qa8 22. Rfe1 Rxe1+ 23. Rxe1 Bb4 24. Rd1 Qe4 25. Bd4 Nd5 26. a3 Nf4 27.
Qf3 Qc2 28. Kf1 Bd6 29. Bc3 Bxe5 30. Bxe5 Ng6 31. Bd6 Rd8 32. Qe2 Qb3 33. Kg1
Nf4 34. Qd2 Ne6 35. Qd5 Qxb2 36. h3 Qe2 37. Rc1 a4 38. Rb1 Kh8 39. g3 Kg8 40.
Kg2 Qc2 41. Rb8 Rxb8 42. Bxb8 Qc5 43. Qxc5 Nxc5 44. Kf3 Nd3 45. Bd6 f5 46. Ke3
Nb2 47. Bc5 Nc4+ 48. Kd4 Nd2 49. Kc3 Nf3 50. Kb4 Ng5 51. h4 Ne4 52. Bb6 Kf7 53.
Kxa4 f4 54. gxf4 Kg6 55. Kb4 Kh5 56. a4 Kxh4 57. a5 Nd6 58. Kc5 Nc8 59. a6 Kg4
60. Kc6 Kxf4 61. Kc7 Nxb6 62. Kxb6 Ke5 63. a7 Ke6 64. a8=Q Kf7 65. Qf3+ Kg8 66.
Qd5+ Kf8 67. Qf5+ Ke7 68. Qxh7 Kf6 69. Qe4 g6 70. Kc5 Kg7 71. Qe5+ Kh7 72. Kd4
Kh6 73. Qh8+ Kg5 74. Ke4 Kg4 75. Qh6 g5 76. Qd6 Kh5 77. Kf5 g4 78. Qh2# {
Hossa checkmated} 1-0

[Event "ICS rated blitz match"]
[Site "204.178.125.65"]
[Date "1999.11.16"]
[Round "?"]
[White "ravengar"]
[Black "Hossa"]
[Result "0-1"]
[WhiteElo "2309"]
[BlackElo "2328"]
[PlyCount "78"]
[EventDate "1999.??.??"]

1. e4 c5 2. Nf3 d6 3. d4 cxd4 4. Nxd4 e5 5. Nc3 exd4 6. Qxd4 Nc6 7. Qd1 Nf6 8.
Be2 Be7 9. O-O Be6 10. f3 d5 11. exd5 Nxd5 12. Ne4 Qb6+ 13. Kh1 Rd8 14. Qe1 Nd4
15. Bd1 Nb4 16. Rf2 Nxa2 17. c3 Nxc1 18. Rxc1 Nb3 19. Bxb3 Bxb3 20. Nd2 Be6 21.
f4 Qxb2 22. f5 Bxf5 23. Ne4 Qb5 24. c4 Qe5 25. Ng3 Qxe1+ 26. Rxe1 Be6 27. Nh5
O-O 28. Nf4 Bxc4 29. Rc2 b5 30. Rcc1 Bb4 31. Rg1 Bd2 32. Nh3 Bxc1 33. Rxc1 a5
34. Kg1 Rfe8 35. Nf2 Rd2 36. Ng4 Ree2 37. h3 Rxg2+ 38. Kh1 Rg3 39. Re1 39...
Bd5+ {ravengar resigns} 0-1

[Event "ICS rated blitz match"]
[Site "204.178.125.65"]
[Date "1999.11.16"]
[Round "?"]
[White "Hossa"]
[Black "ravengar"]
[Result "0-1"]
[WhiteElo "2343"]
[BlackElo "2294"]
[PlyCount "88"]
[EventDate "1999.??.??"]

1. e4 e5 2. Nf3 Nc6 3. Bb5 f5 4. Bxc6 dxc6 5. O-O fxe4 6. Nxe5 Nf6 7. d4 Bd6 8.
Bg5 O-O 9. Nd2 Qe8 10. Bxf6 gxf6 11. Nec4 f5 12. Nxd6 cxd6 13. c4 Be6 14. Qb3
Qf7 15. Qg3+ Kh8 16. Qxd6 Bxc4 17. Nxc4 Qxc4 18. Qe5+ Kg8 19. Qg3+ Kh8 20. Rfd1
f4 21. Qg5 Qd5 22. Qe7 Rf7 23. Qh4 Rg8 24. Qh3 f3 25. g3 e3 26. fxe3 f2+ 27.
Kf1 Qh1+ 28. Ke2 Qf3+ 29. Kd3 Re8 30. Qf1 Rxe3+ 31. Kd2 Qe4 32. h3 Re7 33. Qc4
Re2+ 34. Kc1 Re1 35. Kd2 Qe2+ 36. Qxe2 R7xe2+ 37. Kc3 f1=Q 38. Rd3 Rxa1 39. a4
Rc2+ 40. Kxc2 Rc1+ 41. Kb3 Qxd3+ 42. Ka2 Qc4+ 43. b3 Qc3 44. a5 44... Ra1# {
Hossa checkmated} 0-1

[Event "ICS Rated blitz match"]
[Site "204.178.125.65"]
[Date "1999.11.16"]
[Round "?"]
[White "ravengar"]
[Black "Hossa"]
[Result "1-0"]
[WhiteElo "2312"]
[BlackElo "2325"]
[PlyCount "169"]
[EventDate "1999.??.??"]

1. e4 e5 2. Nf3 Nc6 3. Bb5 f5 4. Nc3 fxe4 5. Nxe4 Be7 6. O-O Nf6 7. Nxf6+ gxf6
8. d4 d6 9. Nxe5 fxe5 10. Qh5+ Kd7 11. d5 Bf6 12. Qf3 Rb8 13. dxc6+ Ke7 14. c4
Rg8 15. Qe4 Rg6 16. f4 Bh3 17. Rf2 a6 18. Ba4 Qc8 19. fxe5 dxe5 20. Be3 b6 21.
Raf1 Qg4 22. Qxg4 Rxg4 23. Kh1 Bxg2+ 24. Rxg2 Rxc4 25. Bb3 Rxc6 26. Bg5 Rf8 27.
Bxf6+ Rcxf6 28. Rg7+ Kd8 29. Rd1+ Rd6 30. Rxd6+ cxd6 31. Kg2 h5 32. Rh7 e4 33.
Rxh5 e3 34. Rh3 Rf2+ 35. Kg1 Re2 36. Bc4 Re1+ 37. Kg2 b5 38. Bd3 Kc7 39. Kf3 d5
40. Rh6 a5 41. h4 b4 42. h5 a4 43. Ra6 a3 44. bxa3 bxa3 45. Rxa3 Kd6 46. h6 Rh1
47. h7 Rh3+ 48. Ke2 d4 49. Ra8 Rh2+ 50. Kf3 e2 51. Bxe2 Rxh7 52. Ke4 Re7+ 53.
Kd3 Re3+ 54. Kd2 Kc5 55. a4 Ra3 56. a5 Ra2+ 57. Ke1 Ra1+ 58. Kf2 Ra2 59. Kf3
Ra3+ 60. Kf4 d3 61. Bf3 Kc4 62. a6 d2 63. Bh5 Kd3 64. a7 Ra4+ 65. Kg3 Ra3 66.
Kf2 Kc2 67. Rc8+ Kb2 68. a8=Q Rxa8 69. Rxa8 Kc3 70. Ke3 Kc4 71. Rc8+ Kd5 72.
Bd1 Ke5 73. Rc5+ Kd6 74. Kd4 Ke6 75. Ke4 Kd6 76. Rc4 Kd7 77. Ke5 Ke7 78. Rc7+
Kd8 79. Kd6 Ke8 80. Ke6 Kf8 81. Rf7+ Kg8 82. Kf6 Kh8 83. Kg6 Kg8 84. Rf6 Kh8
85. Rf8# {Hossa checkmated} 1-0

[Event "ICS rated bullet match"]
[Site "204.178.125.65"]
[Date "1999.11.16"]
[Round "?"]
[White "Hossa"]
[Black "PUBCHESS"]
[Result "1-0"]
[WhiteElo "2476"]
[BlackElo "2249"]
[PlyCount "59"]
[EventDate "1999.??.??"]

1. e4 e6 2. d4 d5 3. Nc3 dxe4 4. Nxe4 Bd7 5. Nf3 Bc6 6. Bd3 Nd7 7. O-O Ngf6 8.
Re1 Be7 9. Nxf6+ Nxf6 10. Ne5 Qd5 11. Nxc6 Qxc6 12. c3 O-O 13. Qc2 Rad8 14. Bg5
h6 15. Bh4 Nd5 16. Bxe7 Nxe7 17. Re5 Qd7 18. Be4 Nc6 19. Rc5 Rb8 20. Qa4 Ne5
21. Qxd7 Nxd7 22. Rxc7 Nf6 23. Bxb7 Rfd8 24. Bf3 Rxb2 25. Rxa7 Rc8 26. Ra3 Rc2
27. Bd1 R2xc3 28. Rxc3 Rxc3 29. Rb1 Rd3 30. Bc2 {PUBCHESS resigns} 1-0

[Event "ICS rated bullet match"]
[Site "204.178.125.65"]
[Date "1999.11.16"]
[Round "?"]
[White "Hossa"]
[Black "PUBCHESS"]
[Result "1-0"]
[WhiteElo "2483"]
[BlackElo "2250"]
[PlyCount "67"]
[EventDate "1999.??.??"]

1. e4 e6 2. d4 d5 3. Nc3 dxe4 4. Nxe4 Bd7 5. Nf3 Bc6 6. Bd3 Nd7 7. O-O Ngf6 8.
Re1 Be7 9. c4 O-O 10. Nxf6+ Nxf6 11. Ne5 Be8 12. Be3 Nd7 13. Nxd7 Qxd7 14. Qg4
Bf6 15. Qe4 g6 16. Qxb7 Rd8 17. Bh6 Bg7 18. Bxg7 Kxg7 19. Rad1 Qxd4 20. Be2 Bc6
21. Qxc6 Qxb2 22. Rb1 Qxa2 23. Qxc7 Rd2 24. Qe5+ Kg8 25. Ra1 Qc2 26. Rxa7 Rfd8
27. Qf6 Rf8 28. Bf1 Rd1 29. Rxd1 Qxd1 30. c5 Qc2 31. Qe7 Qc3 32. g4 Qc1 33. Kg2
Qc4 34. Bxc4 {PUBCHESS resigns} 1-0

[Event "ICS rated blitz match"]
[Site "204.178.125.65"]
[Date "1999.11.16"]
[Round "?"]
[White "Hossa"]
[Black "MissSilicon"]
[Result "0-1"]
[WhiteElo "2308"]
[BlackElo "2669"]
[PlyCount "70"]
[EventDate "1999.??.??"]

1. e4 e5 2. Nf3 Nc6 3. Bb5 Bc5 4. O-O Nd4 5. Nxd4 Bxd4 6. c3 Bb6 7. d4 exd4 8.
cxd4 Ne7 9. Bc4 Nc6 10. Be3 O-O 11. Nc3 Na5 12. Bd3 Nc6 13. Qa4 d6 14. Rac1 Bd7
15. Qc4 Na5 16. Qd5 Nc6 17. Bb1 Be6 18. Qh5 Bxd4 19. Bxd4 Nxd4 20. Rfd1 c5 21.
b4 Rc8 22. a3 Qb6 23. Nd5 Bxd5 24. bxc5 Qb2 25. Rxd4 Qxc1+ 26. Rd1 Rxc5 27.
Qxd5 Rfc8 28. Qxd6 Qxd1+ 29. Qxd1 Rc1 30. Qf1 Rxf1+ 31. Kxf1 Rc1+ 32. Ke2 Rxb1
33. Kd3 Rh1 34. h4 Rh2 35. h5 35... Rxg2 {Hossa resigns} 0-1

[Event "ICS rated blitz match"]
[Site "204.178.125.65"]
[Date "1999.11.16"]
[Round "?"]
[White "Hossa"]
[Black "Irishspringer"]
[Result "1-0"]
[WhiteElo "2311"]
[BlackElo "2115"]
[PlyCount "57"]
[EventDate "1999.??.??"]

1. e4 c5 2. Nf3 Nc6 3. d4 cxd4 4. Nxd4 Nf6 5. Nc3 d6 6. Bc4 e6 7. Be3 Be7 8.
Qe2 a6 9. O-O Qc7 10. Rad1 b5 11. Bb3 Ne5 12. f4 Nc4 13. Ncxb5 axb5 14. Nxb5
Qb8 15. Qxc4 O-O 16. Nc7 Ra5 17. Qc3 Rc5 18. Bxc5 dxc5 19. Qa5 Nxe4 20. Rfe1
Bb7 21. Rd7 Bf6 22. c3 Bc6 23. Rxe4 Bxe4 24. Qxc5 h6 25. Kh1 Bd8 26. Nxe6 fxe6
27. Bxe6+ Kh7 28. Qxf8 Bf6 29. Qxf6 {Irishspringer resigns} 1-0